00424 a2200145 450000100060000004000240000610000160003024000370004624500320008330000080011565000260012394200070014995201050015699900170026147992 cAnchieta - Aquarius aRio, João10aA alma encantadora das ruaslpor10aA alma encantadora das ruas a111 4aLiteratura brasileira cBK 00104070a87.1b87.1d2023-11-21l0o869.93 RIO ALMp7099/AQUr2023-11-21 15:14:55w2023-11-21yBK c47992d47992